000 00764nam a2200265Ia 4500
005 20260302114845.0
008 008 260114s9999 xx 000 0 eng d
020 _a9781788318259
037 _aTextbook
040 _aCRL
040 _beng
040 _cCRL
041 _2eng
041 _aeng
084 _qCRL
100 _aEhsan Yarshater
_91119976
245 0 _aPersian Lyric Poetry in the Classical Era, 800-1500: Ghazals, Panegyrics and Quatrains A History of Persian Literature Vol. II
260 _bBloomsbury
260 _bI.B. Tauris
260 _c2020
650 _aLiterary Studies
856 _uhttps://dx.doi.org/10.5040/9781788318259?locatt=label:secondary_bloomsburyCollections
942 _cEBOOK
999 _c1684085
_d1684085